00349 a2200133 4500020001800000040001300018082001100031100002500042245005600067260003300123300001100156650002400167700002400191 a9780716711865 aDLCbDLC a516.15 aMandelbrot, Benoit B aThe fractal geometry of naturecBenoit B Mandelbrot aNew YorkbFreeman & coc1983 a468 p. aMathematical models aBenoit B Mandelbrot